00451pam a2200133 a 4500020000500000041000500005082001300010245006400023260004000087300001700127930000900144999001900153952014500172 c h a708bSIN aArpita Singh Picture Post Card 2003-2006hTextual Documents a[s.l]:bVadhera Art Gallery,c2006. a100:bpaper. a7087 c240877d240877 001040708Text BooksaFAPbFAPd2015-12-10eBhararti Sahakari Grahak Bhandarl0o708 SINpFAP-7527r2023-03-07 00:00:00t1w2023-03-07yBK